The Lexis Practical Guide to Tax in Namibia (Record no. 818)

MARC details
000 -LEADER
fixed length control field 00524nam a22001817a 4500
005 - DATE AND TIME OF INPUT
control field 20231121064733.0
008 - DATA ELEMENTS--GENERAL INFORMATION
fixed length control field 231121b |||||||| |||| 00| 0 eng d
020 ## - INTERNATIONAL STANDARD BOOK NUMBER
International Standard Book Number 040911684 X
041 ## - LANGUAGE CODE
Language code of text English
082 ## - SHELF NUMBER
DDC number 343.4 PRA
100 ## - MAIN AUTHOR
Language of a work English
245 ## - TITLE STATEMENT
Title The Lexis Practical Guide to Tax in Namibia
250 ## - EDITION STATEMENT
Edition statement Fifth Edition
260 ## - PUBLICATION, DISTRIBUTION, ETC.
Place of publication, distribution, etc. Durban :
Name of publisher, distributor, etc. LexisNexis Butterworths,
Date of publication, distribution, etc. 2006
300 ## - PHYSICAL DESCRIPTION
Other physical details xv, 194 pages ;
Dimensions 22 cm.
650 ## - SUBJECT`
Broad subject Legal practice
Own subject terms Law
942 ## - ADDED ENTRY ELEMENTS (KOHA)
Item type Books
942 ## - ADDED ENTRY ELEMENTS (KOHA)
-- ALISON_BN_VRIES
Holdings
Source of classification or shelving scheme Not for loan Collection code Home library Current library Shelving location Date acquired Full call number Barcode Price effective from Koha item type
Dewey Decimal Classification   TEXT BOOKS LAW SOCIETY OF NAMIBIA LIBRARY - WINDHOEK LAW SOCIETY OF NAMIBIA LIBRARY - WINDHOEK Income tax reporter (tax) 11/21/2023 343.4 PRA LSN/2007/39 11/21/2023 Books